000 01846cam a22003977i 4500
001 data
005 20260322212105.0
008 data
035 _a19145193
906 _a7
_bcbc
_ccopycat
_d2
_encip
_f20
_gy-gencatlg
925 0 _aacquire
_b1 shelf copy
_xpolicy default
010 _a 2016945263
015 _aGBB6C2488
_2bnb
016 7 _a017998934
_2Uk
020 _a9780198739685
_q(paperback)
020 _a0198739680
_q(paperback)
035 _a(OCoLC)964370513
040 _aEQO
_beng
_cEQO
_erda
_dDLC
_dPAU
_dMUU
_dDLC
042 _alccopycat
050 0 0 _aRA650
_b.B48 2016
082 0 4 _a614.4
_223
100 1 _aBhopal, Raj S.,
_eauthor.
245 1 0 _aConcepts of epidemiology :
_bintegrating the ideas, theories, principles, and methods of epidemiology /
_cRaj Bhopal.
250 _aThird edition.
264 1 _aNew York :
_bOxford University Press,
_c2016.
300 _axxxv, 441 pages :
_billustrations ;
_c25 cm
336 _atext
_2rdacontent
337 _aunmediated
_2rdamedia
338 _avolume
_2rdacarrier
500 _aFirst edition published in 2002. Second edition published in 2008.
504 _aIncludes bibliographical references and index.
520 _aEpidemiology is a population science that underpins health improvement and health care, by exploring and establishing the pattern, frequency, trends, and causes of a disease. Concepts of Epidemiology comprehensively describes the application of core epidemiological concepts and principles to readers interested in population health research, policy making, health service planning, health promotion, and clinical care.
650 0 _aEpidemiology.
650 7 _aEpidemiology.
_2fast
_0(OCoLC)fst00914091
999 _c1530
_d1530